|
|
|
|
| LEADER |
00993nam a22002891a 4500 |
| 001 |
000035816 |
| 003 |
12108 |
| 005 |
20220727171745.0 |
| 008 |
160318s2009 000 eng |
| 020 |
|
|
|a 9780194551076
|
| 041 |
|
|
|a eng
|
| 082 |
|
|
|a 420.8
|b WA-R
|
| 100 |
|
|
|a Walker, Robin Walker
|
| 245 |
|
0 |
|a Oxford English for careers tourism 3 Student's book /
|c Robin Walker, Keith Harding
|n Student's book
|
| 260 |
|
|
|a Oxford University Press,
|c 2009.
|
| 300 |
|
|
|a 95p. : ;
|c 30cm.
|
| 650 |
|
|
|a English tourism
|a tourism
|
| OWN |
|
|
|a LNN
|
| AVA |
|
|
|a UDN50
|b LNN
|c English
|d 420.8 WA-R
|e available
|t Error 5001 Not defined in file expand_doc_bib_avail.
|f 2
|g 0
|h N
|i 0
|j AN
|
| 999 |
|
|
|a From the UDN01
|
| AVA |
|
|
|a UDN50
|b LNN
|c English
|d 420.8 WA-R
|e available
|t Error 5001 Not defined in file expand_doc_bib_avail.
|f 2
|g 0
|h N
|i 0
|j AN
|
| TYP |
|
|
|a Monograph
|
| TYP |
|
|
|a Printed language
|
| 980 |
|
|
|a Mạng thư viện Đại học Đà Nẵng
|